[Event "6679-TOP20 (2005-2006)"]
[Site "Loire"]
[Date "2005.10.08"]
[Round "1.1"]
[White "Poncet, Alain"]
[Black "Cizeron, Frederic"]
[Result "0-1"]
[WhiteElo "1942"]
[BlackElo "2125"]
[PlyCount "70"]
[EventDate "2005.??.??"]

1. d4 d5 2. Nf3 Nf6 3. c4 c6 4. Nc3 dxc4 5. a4 Bf5 6. Bf4 Na6 7. Nh4 Bg4 8. f3
Bc8 9. e4 e6 10. g3 Be7 11. Ng2 Nb4 12. Bxc4 b6 13. O-O O-O 14. Qd2 Qd7 15.
Rad1 Rd8 16. Rfe1 Bb7 17. Qf2 a6 18. Re2 b5 19. Bb3 Qc8 20. Be3 c5 21. dxc5 Nd3
22. Rxd3 Rxd3 23. Bc2 Rd8 24. Ne1 b4 25. Na2 a5 26. Bd3 Nd7 27. b3 Bxc5 28. Rc2
Bxe3 29. Qxe3 Qb8 30. Bb5 Ba6 31. Bxa6 Rxa6 32. Nc1 Qa7 33. Kf2 Kf8 34. f4 Nf6
35. h3 Nxe4+ 0-1

[Event "6679-TOP20 (2005-2006)"]
[Site "Loire"]
[Date "2005.10.08"]
[Round "1.2"]
[White "Cursoux, Gerard"]
[Black "Carrot, Patrick"]
[Result "1-0"]
[WhiteElo "2090"]
[BlackElo "1870"]
[PlyCount "81"]
[EventDate "2005.??.??"]

1. e4 c5 2. Nf3 e6 3. d4 cxd4 4. Nxd4 a6 5. Nc3 b5 6. a3 Bb7 7. Be3 Nf6 8. f3
Qc7 9. Nb3 Be7 10. Bd3 O-O 11. O-O d5 12. exd5 Nxd5 13. Nxd5 Bxd5 14. Rc1 Rd8
15. Qe2 Nd7 16. c4 bxc4 17. Bxc4 Bxc4 18. Rxc4 Qe5 19. f4 Qb5 20. Nd4 Qb7 21.
Nc6 Re8 22. Nxe7+ Rxe7 23. Rfc1 Nf6 24. Rb4 Qd5 25. Rc5 Qd6 26. Rbc4 Nd5 27.
Rc6 Qd7 28. Bc1 Ree8 29. Qc2 Red8 30. b4 Qb7 31. h3 Ne7 32. Rc7 Qb6+ 33. Kh2
Nd5 34. R7c6 Qb7 35. Kh1 Qb5 36. f5 exf5 37. R6c5 Qd7 38. Rd4 Qe6 39. Qd3 Rd6
40. Rdxd5 Rxd5 41. Qxd5 1-0

2. Qxd5 1-0

[Event "6679-TOP20 (2005-2006)"]
[Site "Loire"]
[Date "2005.10.08"]
[Round "1.3"]
[White "Barnes, Pierrick"]
[Black "Deville, Olivier"]
[Result "1-0"]
[WhiteElo "1864"]
[BlackElo "2055"]
[PlyCount "105"]
[EventDate "2005.??.??"]

1. e4 e5 2. Nf3 Nc6 3. Bb5 Nf6 4. O-O Nxe4 5. Re1 Nd6 6. Bxc6 dxc6 7. Nxe5 Be7
8. Qe2 O-O 9. Nxc6 bxc6 10. Qxe7 Be6 11. Qxd8 Raxd8 12. d3 Nf5 13. Be3 Nd4 14.
Bxd4 Rxd4 15. Nd2 h6 16. Nf3 Rd6 17. h3 Rfd8 18. b3 Kf8 19. Re3 Rd5 20. Rae1
Rc5 21. R1e2 Rdd5 22. d4 Ra5 23. c4 Rd6 24. g4 g5 25. Kg2 Kg7 26. Re4 Kf6 27.
Ne1 c5 28. d5 Bd7 29. f4 c6 30. fxg5+ hxg5 31. Rf2+ Kg6 32. Nd3 f6 33. h4 cxd5
34. h5+ Kh6 35. cxd5 Rxd5 36. Rxf6+ Kg7 37. Rg6+ Kf8 38. Ne5 Rxa2+ 39. Kf3 Rb2
40. Rxg5 Rxb3+ 41. Kf4 Rd1 42. Nxd7+ Rxd7 43. Rf5+ Kg7 44. Rxc5 Rf7+ 45. Kg5
Rfb7 46. Ree5 a6 47. Rf5 R3b5 48. Rc6 Rxf5+ 49. gxf5 Ra7 50. f6+ Kf7 51. h6 a5
52. h7 Ra8 53. Kf5 1-0

[Event "6679-TOP20 (2005-2006)"]
[Site "Loire"]
[Date "2005.10.08"]
[Round "1.4"]
[White "Valet, Godeffroy"]
[Black "Bruel, Bruno"]
[Result "0-1"]
[WhiteElo "2034"]
[BlackElo "1860"]
[PlyCount "142"]
[EventDate "2005.??.??"]

1. e4 c5 2. Nf3 d6 3. d4 cxd4 4. Nxd4 Nf6 5. Nc3 a6 6. Be2 e5 7. Nb3 Be6 8. Be3
Be7 9. O-O O-O 10. Qe1 b5 11. Rd1 Nbd7 12. f4 Qc7 13. f5 Bc4 14. Rf3 Nb6 15.
Rg3 Rfd8 16. Qf2 Nbd7 17. Bh6 Bf8 18. Nd2 Bxe2 19. Qxe2 b4 20. Nd5 Qxc2 21.
Nxb4 Qc5+ 22. Qe3 Kh8 23. Nd3 Qa5 24. Bg5 d5 25. Bxf6 Nxf6 26. Nb3 Qc7 27. Rc1
Qd6 28. exd5 Nxd5 29. Qxe5 Qb6+ 30. Qd4 Qh6 31. Ne5 Kg8 32. Ng4 Qh4 33. f6 g6
34. Rf1 Rab8 35. Rh3 Qg5 36. Qe5 Qxg4 37. Rd3 Rb5 38. Rg3 Qd7 39. Qe4 Re8 40.
Qh4 Rb4 41. Qg5 Rbe4 42. Rd3 Qa7+ 43. Kh1 Qf2 44. Rf3 R4e5 45. Qc1 Qh4 46. Rh3
Qb4 47. a3 Qb6 48. Qd2 Nxf6 49. Nd4 Re4 50. Nf3 Re2 51. Qf4 Ne4 52. Nd4 Nf2+
53. Rxf2 Re1+ 54. Rf1 Rxf1+ 55. Qxf1 Qxd4 56. Rf3 f5 57. b4 Qd2 58. Qc4+ Kh8
59. h4 Re4 60. Qxa6 Qe1+ 61. Rf1 Qxh4+ 62. Kg1 Be7 63. Qc8+ Kg7 64. b5 Bf6 65.
Qc7+ Re7 66. Qd6 Bd4+ 67. Rf2 Qxf2+ 68. Kh2 Be5+ 69. Qxe5+ Rxe5 70. b6 Qh4+ 71.
Kg1 Re1# 0-1

[Event "6679-TOP20 (2005-2006)"]
[Site "Loire"]
[Date "2005.10.08"]
[Round "1.5"]
[White "Gaillard, Pierre"]
[Black "Pupier, Terry"]
[Result "1-0"]
[WhiteElo "1830"]
[BlackElo "1990"]
[PlyCount "103"]
[EventDate "2005.??.??"]

1. e4 c5 2. Nf3 Nc6 3. d4 cxd4 4. Nxd4 Nf6 5. Nc3 e5 6. Ndb5 d6 7. Bg5 a6 8.
Na3 b5 9. Nd5 Be7 10. Bxf6 gxf6 11. c3 f5 12. Bd3 Be6 13. Qf3 fxe4 14. Bxe4 Rb8
15. Nc2 Na5 16. Ncb4 O-O 17. Qh5 f5 18. Nxe7+ Qxe7 19. Bd5 Bxd5 20. Nxd5 Qf7
21. Qxf7+ Rxf7 22. O-O-O Nc4 23. f3 h5 24. b3 Nb6 25. Rd2 Nxd5 26. Rxd5 Rb6 27.
Rhd1 Rf6 28. R1d2 Kf7 29. Kc2 Ke6 30. a4 bxa4 31. bxa4 Rf7 32. a5 Rc6 33. g3
Rfc7 34. Kb2 Rb7+ 35. Kc2 Rbc7 36. Kb2 Rd7 37. Kb3 Rb7+ 38. Kc2 Rbc7 39. Kb2
Rd7 40. Kb3 Rc5 41. Rxc5 dxc5 42. Rxd7 Kxd7 43. Kc4 e4 44. fxe4 fxe4 45. h3 Ke6
46. Kb3 Ke5 47. Kc2 Kd5 48. Kd2 Kc4 49. g4 hxg4 50. hxg4 e3+ 51. Kxe3 Kxc3 52.
g5 1-0

[Event "6679-TOP20 (2005-2006)"]
[Site "Loire"]
[Date "2005.10.08"]
[Round "1.6"]
[White "Massard, Christian"]
[Black "Roche, Marius"]
[Result "1/2-1/2"]
[WhiteElo "1960"]
[BlackElo "1750"]
[PlyCount "97"]
[EventDate "2005.??.??"]

1. Nf3 g6 2. c4 Bg7 3. Nc3 d6 4. d4 Bg4 5. e3 Nc6 6. Be2 e5 7. d5 Nce7 8. e4
Bxf3 9. Bxf3 f5 10. Bg5 Nf6 11. exf5 Nxf5 12. Ne4 O-O 13. O-O Qd7 14. Rc1 h6
15. Bxf6 Bxf6 16. Bg4 Qg7 17. b4 a5 18. a3 Nd4 19. c5 Be7 20. cxd6 Bxd6 21.
Nxd6 cxd6 22. Be6+ Kh8 23. Qd3 axb4 24. axb4 Ra2 25. Rcd1 Rb2 26. Rb1 Rxb1 27.
Rxb1 Qf6 28. f3 Nxe6 29. dxe6 Qxe6 30. Rd1 Rd8 31. Qb5 Qe7 32. Kf2 Kg7 33. g3
Rf8 34. Qe2 Qf6 35. Qe4 Qf7 36. Rxd6 Qa2+ 37. Qe2 Qxe2+ 38. Kxe2 Rf7 39. Re6
Rc7 40. Rxe5 Kf6 41. Rd5 Rc2+ 42. Rd2 Rc4 43. Rb2 b5 44. Kd3 h5 45. f4 Kf5 46.
Ke3 h4 47. Kf3 Rc3+ 48. Kg2 hxg3 49. hxg3 1/2-1/2

[Event "6679-TOP20 (2005-2006)"]
[Site "Loire"]
[Date "2005.10.08"]
[Round "1.7"]
[White "Guevorkian, Spartak"]
[Black "Petit, Didier"]
[Result "1-0"]
[WhiteElo "1699"]
[BlackElo "1957"]
[PlyCount "129"]
[EventDate "2005.??.??"]

1. d4 d5 2. Nf3 Nf6 3. Bf4 c6 4. e3 Bg4 5. c4 e6 6. a3 Qb6 7. b4 Be7 8. c5 Qd8
9. h3 Bh5 10. Nbd2 Nbd7 11. Qc2 Bg6 12. Bd3 Bxd3 13. Qxd3 O-O 14. O-O Ne8 15.
Rfb1 f6 16. Bh2 a6 17. a4 Nc7 18. b5 axb5 19. Bxc7 Qxc7 20. axb5 e5 21. b6 Qb8
22. Qb3 Kh8 23. Qb2 e4 24. Nh2 f5 25. Rxa8 Qxa8 26. Ra1 Qb8 27. Ra7 Bf6 28. Nb3
f4 29. Qa2 fxe3 30. fxe3 Bg5 31. Nf1 Qe8 32. Rxb7 Qf7 33. Qe2 h5 34. Rxd7 Qxd7
35. Qxh5+ Bh6 36. g4 Kg8 37. h4 Qe6 38. g5 Qf5 39. Qe2 Bxg5 40. hxg5 Qxg5+ 41.
Qg2 Qh6 42. Qg3 Qf6 43. Nbd2 Qf7 44. Nh2 Qe7 45. Ng4 Qd7 46. Ne5 Qb7 47. Nf1
Qa6 48. Nh2 Qa1+ 49. Kg2 Qb2+ 50. Kh3 Qb5 51. Nhg4 Qf1+ 52. Qg2 Qf5 53. Kh2 Qg5
54. b7 Rb8 55. Nd7 Qd8 56. Ngf6+ Kf7 57. Ne5+ Kf8 58. Nfd7+ Kg8 59. Qf2 Rxb7
60. Qf7+ Kh8 61. Ng6+ Kh7 62. Ndf8+ Kh6 63. Ne7 Qb8+ 64. Kh3 Qc8+ 65. Nf5+ 1-0

[Event "6679-TOP20 (2005-2006)"]
[Site "Loire"]
[Date "2005.10.08"]
[Round "1.8"]
[White "Garon, Pierre"]
[Black "Vier, Serge"]
[Result "1-0"]
[WhiteElo "1949"]
[BlackElo "1670"]
[PlyCount "49"]
[EventDate "2005.??.??"]

1. d4 d5 2. Nf3 Bf5 3. c4 e6 4. Qb3 Nc6 5. c5 Rb8 6. e3 a6 7. Be2 Nf6 8. Nbd2
Be7 9. O-O O-O 10. Qc3 Re8 11. b4 Ne4 12. Nxe4 Bxe4 13. Bb2 Bf6 14. Ne5 Bxe5
15. dxe5 Qg5 16. f3 Bf5 17. a4 Nxb4 18. Qxb4 Qxe3+ 19. Rf2 Qg5 20. Bd4 h5 21.
Qc3 c6 22. Ra3 Qe7 23. Rb3 Qg5 24. Qb2 Qe7 25. Bxa6 1-0

[Event "6679-TOP20 (2005-2006)"]
[Site "Loire"]
[Date "2005.10.08"]
[Round "1.9"]
[White "Desassis, Jean-Francois"]
[Black "Graillon, David"]
[Result "0-1"]
[WhiteElo "1600"]
[BlackElo "1949"]
[PlyCount "62"]
[EventDate "2005.??.??"]

1. d4 Nf6 2. Nf3 g6 3. Bg5 Bg7 4. e3 d5 5. h3 c5 6. Nbd2 Nc6 7. c4 cxd4 8. exd4
O-O 9. Bd3 dxc4 10. Bxc4 Nxd4 11. Nb3 Nxb3 12. Qxb3 Ne4 13. Rd1 Qa5+ 14. Bd2
Nxd2 15. Nxd2 Qe5+ 16. Qe3 Qxe3+ 17. fxe3 Bxb2 18. O-O Bd7 19. Ne4 Bc6 20. Ng5
Bf6 21. Nf3 Rad8 22. Nd4 Bxd4 23. exd4 e6 24. g4 Rd7 25. Rf6 a6 26. Rdf1 Bd5
27. Bxd5 Rxd5 28. R6f4 Ra5 29. R1f2 Ra4 30. Rd2 Rd8 31. Rdf2 Rd7 0-1

[Event "6679-TOP20 (2005-2006)"]
[Site "Loire"]
[Date "2005.11.12"]
[Round "2.1"]
[White "Cizeron, Frederic"]
[Black "Barnes, Pierrick"]
[Result "1/2-1/2"]
[WhiteElo "2125"]
[BlackElo "1864"]
[PlyCount "117"]
[EventDate "2005.??.??"]

1. d4 Nf6 2. Nf3 e6 3. Bg5 Be7 4. Nbd2 d5 5. e3 O-O 6. Bd3 Nbd7 7. O-O c5 8. c3
h6 9. Bh4 b6 10. Ne5 Nxe5 11. dxe5 Nd7 12. Bg3 Bb7 13. Qg4 c4 14. Bc2 Nc5 15.
f4 Qc8 16. Nf3 Ne4 17. Nd4 Bc5 18. Bh4 Bxd4 19. exd4 f5 20. exf6 Nxf6 21. Qh3
Ne4 22. Rae1 Qe8 23. g4 Qg6 24. Re2 Rf7 25. Rg2 Raf8 26. f5 Ng5 27. Qe3 Bc8 28.
Bxg5 hxg5 29. Rgf2 exf5 30. Qe5 Qe6 31. gxf5 Qc6 32. Qg3 Qh6 33. Qe5 g4 34. Qf4
Qh5 35. Qe5 Qh3 36. f6 gxf6 37. Qxd5 g3 38. Qg2 Rg7 39. hxg3 Rxg3 40. Qxg3+
Qxg3+ 41. Rg2 Qxg2+ 42. Kxg2 Bb7+ 43. Kg3 Kf7 44. Kf4 Re8 45. Rf2 Re1 46. Rh2
Rh1 47. Rxh1 Bxh1 48. Be4 Bxe4 49. Kxe4 Ke6 50. Kf4 Ke7 51. Kf5 Kf7 52. d5 Ke7
53. a4 Kd6 54. Kxf6 Kxd5 55. Kf5 a6 56. Kf4 b5 57. a5 Kd6 58. Kf5 Kd5 59. Kf4
1/2-1/2

[Event "6679-TOP20 (2005-2006)"]
[Site "Loire"]
[Date "2005.11.12"]
[Round "2.2"]
[White "Bruel, Bruno"]
[Black "Cursoux, Gerard"]
[Result "0-1"]
[WhiteElo "1860"]
[BlackElo "2090"]
[PlyCount "48"]
[EventDate "2005.??.??"]

1. d4 Nf6 2. c4 c5 3. d5 b5 4. Nd2 Qa5 5. Qc2 d6 6. e4 a6 7. Bd3 g6 8. b3 Bg7
9. Bb2 O-O 10. Ne2 e5 11. O-O Nbd7 12. a3 Nh5 13. f4 Bh6 14. f5 Qxd2 15. Qxd2
Bxd2 16. cxb5 Nf4 17. Nxf4 Bxf4 18. Kh1 Bb7 19. Rf3 gxf5 20. bxa6 Bxa6 21. Bxa6
Rxa6 22. exf5 f6 23. Rd1 Rb8 24. Rf2 Rxb3 0-1

[Event "6679-TOP20 (2005-2006)"]
[Site "Loire"]
[Date "2005.11.12"]
[Round "2.3"]
[White "Gaillard, Pierre"]
[Black "Garon, Pierre"]
[Result "1-0"]
[WhiteElo "1830"]
[BlackElo "1949"]
[PlyCount "83"]
[EventDate "2005.??.??"]

1. Nf3 d5 2. c4 e6 3. g3 Nf6 4. Bg2 Bd6 5. O-O O-O 6. d3 c6 7. Nbd2 Nbd7 8. e4
dxe4 9. Nxe4 Nxe4 10. dxe4 Qe7 11. Re1 e5 12. Rb1 a5 13. Qc2 Nc5 14. b3 f6 15.
Be3 Be6 16. Rbd1 Rac8 17. Rd2 Rfd8 18. Red1 b5 19. Bxc5 Bxc5 20. Rxd8+ Rxd8 21.
Rxd8+ Qxd8 22. cxb5 Qb6 23. bxc6 Qxc6 24. Nh4 Qb6 25. Nf5 g6 26. Nh4 Kg7 27.
Bf1 Qd6 28. Bc4 Bg4 29. Bd5 f5 30. Ng2 Qb6 31. Ne1 f4 32. Nd3 Bd4 33. gxf4 exf4
34. Nxf4 Qf6 35. Qd2 Be5 36. Nd3 Bxh2+ 37. Kxh2 Qh4+ 38. Kg1 Bf3 39. Qc3+ Kh6
40. Qc1+ Kg7 41. Qc7+ Kf8 42. Qf7# 1-0

[Event "6679-TOP20 (2005-2006)"]
[Site "Loire"]
[Date "2005.11.12"]
[Round "2.5"]
[White "Deville, Olivier"]
[Black "Massard, Christian"]
[Result "1-0"]
[WhiteElo "2055"]
[BlackElo "1960"]
[PlyCount "119"]
[EventDate "2005.??.??"]

1. d4 g6 2. g3 Bg7 3. Bg2 d5 4. Nf3 Nf6 5. c4 c6 6. Qb3 O-O 7. O-O dxc4 8. Qxc4
Be6 9. Qb4 Qc7 10. Rd1 Nd5 11. Qe1 Nd7 12. e4 N5f6 13. Bf4 Qb6 14. b3 Bg4 15.
Na3 Nh5 16. Be3 Nhf6 17. h3 Qa6 18. Nc4 Be6 19. Nfe5 Nb6 20. Bf1 Nxc4 21. bxc4
Qa4 22. Bd2 Rfe8 23. Bc3 Rad8 24. d5 cxd5 25. cxd5 Bc8 26. Rd4 Qa3 27. Qd2 Qd6
28. Nc4 Qc7 29. e5 Nd7 30. f4 Nc5 31. Rc1 Bf5 32. Ne3 Ne4 33. Rxe4 Bxe4 34. Ba5
Qd7 35. Bxd8 Rxd8 36. Bg2 Bxg2 37. Kxg2 f6 38. exf6 Bxf6 39. Rd1 e6 40. d6 Bg7
41. Qc2 Bf8 42. Qc7 Bxd6 43. Qxd7 Rxd7 44. Nc4 Rc7 45. Nxd6 Rd7 46. Rd2 b5 47.
Nc4 Rc7 48. Ne5 b4 49. Rd8+ Kg7 50. Rd7+ Rxd7 51. Nxd7 a5 52. Nc5 Kf6 53. Kf3
e5 54. Nd7+ Ke6 55. Nxe5 a4 56. Nd3 b3 57. axb3 a3 58. Nb4 Kd6 59. Ke4 Kc5 60.
Na2 1-0

[Event "6679-TOP20 (2005-2006)"]
[Site "Loire"]
[Date "2005.11.12"]
[Round "2.7"]
[White "Pupier, Terry"]
[Black "Carrot, Patrick"]
[Result "1-0"]
[WhiteElo "1990"]
[BlackElo "1870"]
[PlyCount "65"]
[EventDate "2005.??.??"]

1. e4 c5 2. Nf3 d6 3. d4 cxd4 4. Qxd4 Nc6 5. Bb5 a6 6. Bxc6+ bxc6 7. c4 e5 8.
Qd3 Be7 9. Nc3 Nf6 10. h3 O-O 11. O-O Qc7 12. Rd1 Rd8 13. Bg5 a5 14. b3 Ba6 15.
Qe3 Rab8 16. Rac1 Rd7 17. Nh4 h6 18. Bxf6 Bxf6 19. Nf5 Bg5 20. Qg3 g6 21. Ne3
Qd8 22. Qf3 Qe7 23. g3 h5 24. h4 Bh6 25. Rc2 f6 26. Rcd2 Rf8 27. c5 Rfd8 28.
Na4 d5 29. exd5 e4 30. d6 Rxd6 31. cxd6 Rxd6 32. Qg2 Bd3 33. Nc5 1-0

[Event "6679-TOP20 (2005-2006)"]
[Site "Loire"]
[Date "2005.11.12"]
[Round "2.8"]
[White "Petit, Didier"]
[Black "Desassis, Jean-Francois"]
[Result "0-1"]
[WhiteElo "1957"]
[BlackElo "1600"]
[PlyCount "56"]
[EventDate "2005.??.??"]

1. e4 c5 2. Nf3 Nc6 3. Bb5 g6 4. Nc3 Bg7 5. O-O d6 6. Bxc6+ bxc6 7. h3 Nf6 8.
e5 Nd5 9. exd6 exd6 10. Nxd5 cxd5 11. d4 O-O 12. c3 Bf5 13. Be3 c4 14. b4 Qd7
15. a4 a6 16. Qd2 Rfe8 17. Kh2 Re4 18. Ng5 Rh4 19. g3 Rh5 20. h4 Re8 21. Qb2
Bf6 22. Qd2 h6 23. f4 hxg5 24. fxg5 Bd8 25. Bf4 Kg7 26. Rf2 Bd3 27. Ra2 Qg4 28.
b5 Reh8 0-1

[Event "6679-TOP20 (2005-2006)"]
[Site "Loire"]
[Date "2005.11.12"]
[Round "2.9"]
[White "Vier, Serge"]
[Black "Poncet, Alain"]
[Result "0-1"]
[WhiteElo "1670"]
[BlackElo "1942"]
[PlyCount "56"]
[EventDate "2005.??.??"]

1. d4 Nf6 2. c4 e5 3. dxe5 Ng4 4. Nf3 Bc5 5. e3 Nc6 6. Be2 O-O 7. O-O Re8 8.
Nc3 Ncxe5 9. Nxe5 Nxe5 10. a3 a5 11. b3 Ra6 12. Nd5 Rd6 13. Qc2 c6 14. Nc3 Rg6
15. Ne4 Ba7 16. c5 d5 17. Nd6 Ree6 18. Rd1 Bb8 19. Nxc8 Qxc8 20. b4 Ref6 21. e4
Qh3 22. g3 Rxf2 23. Kxf2 Qxh2+ 24. Ke3 Rxg3+ 25. Kd4 Nf3+ 26. Bxf3 Qxc2 27. Rd3
Qc4+ 28. Ke3 Qxe4+ {abandon} 0-1

[Event "6679-TOP20 (2005-2006)"]
[Site "Loire"]
[Date "2005.11.27"]
[Round "3.1"]
[White "Cursoux, Gerard"]
[Black "Graillon, David"]
[Result "1/2-1/2"]
[WhiteElo "2090"]
[BlackElo "1949"]
[PlyCount "56"]
[EventDate "2005.??.??"]

1. e4 d5 2. exd5 Qxd5 3. Nc3 Qd8 4. d4 Nf6 5. h3 c6 6. Nf3 Bf5 7. Bc4 e6 8. a3
Be7 9. O-O O-O 10. Nh4 Bg6 11. Nxg6 hxg6 12. Bf4 Nbd7 13. Re1 Nb6 14. Bb3 Nbd5
15. Bh2 Nxc3 16. bxc3 Bd6 17. Be5 Qc7 18. Bxf6 gxf6 19. Qg4 Kg7 20. c4 c5 21.
d5 e5 22. a4 f5 23. Qe2 Rae8 24. a5 f4 25. a6 b6 26. f3 f5 27. Ba4 Re7 28. Qd3
Kf6 1/2-1/2

[Event "6679-TOP20 (2005-2006)"]
[Site "Loire"]
[Date "2005.11.27"]
[Round "3.2"]
[White "Barnes, Pierrick"]
[Black "Gaillard, Pierre"]
[Result "1-0"]
[WhiteElo "1864"]
[BlackElo "1830"]
[PlyCount "83"]
[EventDate "2005.??.??"]

1. e4 c6 2. d4 d5 3. Nc3 dxe4 4. Nxe4 Nd7 5. Nf3 Ngf6 6. Nxf6+ Nxf6 7. h3 e6 8.
Bd3 Bd6 9. O-O Qc7 10. Re1 O-O 11. c3 c5 12. Bg5 Be7 13. dxc5 Qxc5 14. Qc2 h6
15. Be3 Qc7 16. Bd4 Rd8 17. Be5 Qa5 18. b4 Qb6 19. Nd2 Bd7 20. Nc4 Qc6 21. Na5
Qc8 22. Re3 Bc6 23. Rg3 Rd5 24. Qe2 Qd7 25. Rd1 b6 26. c4 Rxe5 27. Qxe5 Bd6 28.
Bh7+ Kxh7 29. Rxd6 Qc7 30. Nxc6 Ne8 31. Rd4 Qxc6 32. b5 Qc8 33. Qe4+ f5 34. Qe5
Nf6 35. Rgd3 Qe8 36. Qc7 e5 37. Rd8 Rxd8 38. Rxd8 Qg6 39. Qxe5 Qg5 40. Qe3 f4
41. Qd3+ g6 42. Ra8 1-0

[Event "6679-TOP20 (2005-2006)"]
[Site "Loire"]
[Date "2005.11.27"]
[Round "3.3"]
[White "Roche, Marius"]
[Black "Cizeron, Frederic"]
[Result "0-1"]
[WhiteElo "1692"]
[BlackElo "2125"]
[PlyCount "76"]
[EventDate "2005.??.??"]

1. d4 d5 2. Nf3 Nf6 3. c4 c6 4. Nc3 dxc4 5. a4 Bf5 6. e3 e6 7. Bxc4 Nbd7 8. O-O
Bb4 9. Qe2 O-O 10. e4 Bg4 11. Qe3 Qe7 12. e5 Nd5 13. Nxd5 exd5 14. Bd3 c5 15.
Qf4 Bxf3 16. Qxf3 cxd4 17. Qxd5 Nxe5 18. Be4 Nc6 19. Qf5 g6 20. Qf3 Rac8 21.
Qd3 Rfd8 22. f4 f5 23. Bf3 Na5 24. Qb5 Qc5 25. Kf2 Qxb5 26. axb5 Rc2+ 27. Kg3
b6 28. Bd1 Rc7 29. Rf2 Be1 30. b4 Nc4 31. Bb3 Kh8 32. Kf3 Bxf2 33. Kxf2 Nd6 34.
Bb2 Nxb5 35. Rd1 Nc3 36. Rd3 a5 37. b5 a4 38. Bd1 Nxd1+ 0-1

[Event "6679-TOP20 (2005-2006)"]
[Site "Loire"]
[Date "2005.11.27"]
[Round "3.4"]
[White "Poncet, Alain"]
[Black "Deville, Olivier"]
[Result "1/2-1/2"]
[WhiteElo "1942"]
[BlackElo "2055"]
[PlyCount "34"]
[EventDate "2005.??.??"]

1. e4 e5 2. Nf3 Nc6 3. Bb5 a6 4. Ba4 Nf6 5. O-O Be7 6. Bxc6 dxc6 7. Qe1 Bd6 8.
d4 Qe7 9. dxe5 Bxe5 10. Nxe5 Qxe5 11. Nc3 Ng4 12. f4 Qc5+ 13. Kh1 Bd7 14. h3
Qh5 15. Kg1 Qc5+ 16. Kh1 Qh5 17. Kg1 Qc5+ 1/2-1/2

[Event "6679-TOP20 (2005-2006)"]
[Site "Loire"]
[Date "2005.11.27"]
[Round "3.5"]
[White "Guevorkian, Spartak"]
[Black "Pupier, Terry"]
[Result "1-0"]
[WhiteElo "1699"]
[BlackElo "1990"]
[PlyCount "129"]
[EventDate "2005.??.??"]

1. d4 Nf6 2. Nf3 d5 3. Bf4 e6 4. a3 Nbd7 5. e3 Be7 6. h3 O-O 7. c4 dxc4 8. Bxc4
Bd6 9. Bxd6 cxd6 10. O-O d5 11. Bd3 Ne8 12. Nbd2 f5 13. Qc2 Rf6 14. Rfc1 a6 15.
b4 Qe7 16. Qb2 h6 17. Rc2 b6 18. Rac1 Bb7 19. Be2 g5 20. Ne5 Nxe5 21. dxe5 Rf7
22. Bh5 Rg7 23. Qd4 g4 24. hxg4 fxg4 25. Bxg4 h5 26. Bxh5 Qg5 27. Bf3 Rh7 28.
Qg4 Qxg4 29. Bxg4 Kf7 30. Rc7+ Nxc7 31. Rxc7+ Kg6 32. Rxh7 Kxh7 33. Bxe6 Re8
34. Bf5+ Kg7 35. f4 Bc8 36. Bd3 Re7 37. b5 a5 38. e4 dxe4 39. Bxe4 Bb7 40. Bxb7
Rxb7 41. Nc4 Rc7 42. Nxb6 Rb7 43. Nc4 Rxb5 44. g4 Rb3 45. Kf2 a4 46. f5 Rc3 47.
Nd6 Rxa3 48. f6+ Kg6 49. g5 Rd3 50. Nc4 a3 51. e6 a2 52. e7 Kf7 53. g6+ Kxf6
54. e8=Q Rd1 55. Qf7+ Kg5 56. g7 Rf1+ 57. Kxf1 a1=Q+ 58. Ke2 Qa2+ 59. Kd3 Qb1+
60. Kd4 Qg1+ 61. Ke5 Qg3+ 62. Kd5 Qg2+ 63. Kd6 Qh2+ 64. Kc6 Qh1+ 65. Qd5+ 1-0

[Event "6679-TOP20 (2005-2006)"]
[Site "Loire"]
[Date "2005.11.27"]
[Round "3.6"]
[White "Garon, Pierre"]
[Black "Bruel, Bruno"]
[Result "1-0"]
[WhiteElo "1949"]
[BlackElo "1860"]
[PlyCount "67"]
[EventDate "2005.??.??"]

1. d4 d5 2. Nf3 Nf6 3. Bg5 Ne4 4. Bf4 Bf5 5. e3 e6 6. Be2 Be7 7. O-O O-O 8. c4
c6 9. Qb3 b6 10. Rc1 c5 11. Nc3 Nc6 12. cxd5 Na5 13. Qa4 exd5 14. dxc5 Nxc5 15.
Qd1 Nc4 16. b3 Nb2 17. Qxd5 Qc8 18. Nd4 Bg6 19. Nd1 Be4 20. Qh5 Bg6 21. Qf3 Be4
22. Qg3 Nxd1 23. Rxd1 Bf6 24. Rac1 Qb7 25. Bf3 Rac8 26. Bxe4 Nxe4 27. Qf3 Bxd4
28. exd4 Qd5 29. Qd3 Rfd8 30. f3 Rxc1 31. Bxc1 Nc5 32. Bb2 Ne6 33. Rd2 Nf4 34.
Qe4 {Temps} 1-0

[Event "6679-TOP20 (2005-2006)"]
[Site "Loire"]
[Date "2005.11.27"]
[Round "3.7"]
[White "Desassis, Jean-Francois"]
[Black "Massard, Christian"]
[Result "0-1"]
[WhiteElo "1600"]
[BlackElo "1960"]
[PlyCount "64"]
[EventDate "2005.??.??"]

1. d4 g6 2. Nf3 Bg7 3. Bg5 d5 4. e3 Nf6 5. Bd3 Bg4 6. Nbd2 O-O 7. h3 Bc8 8. O-O
Nbd7 9. c4 c6 10. Ne5 Nxe5 11. dxe5 Nd7 12. f4 Nc5 13. Bc2 Re8 14. Qf3 d4 15.
Rad1 d3 16. Bb1 Na4 17. Ne4 Nxb2 18. Nd6 Nxd1 19. Nxe8 Qxe8 20. Rxd1 Be6 21.
Bxd3 Rd8 22. Qf1 Kf8 23. Bc2 Rxd1 24. Bxd1 Qd7 25. Bb3 Qd2 26. Qf2 Qc1+ 27. Kh2
b6 28. Qh4 Kg8 29. Bxe7 Qxe3 30. Bf6 Bf8 31. Bg5 Bc5 32. Bf6 Qg1+ 0-1

[Event "6679-TOP20 (2005-2006)"]
[Site "Loire"]
[Date "2005.11.27"]
[Round "3.8"]
[White "Carrot, Patrick"]
[Black "Valet, Godeffroy"]
[Result "0-1"]
[WhiteElo "1870"]
[BlackElo "2010"]
[PlyCount "86"]
[EventDate "2005.??.??"]

1. e4 e6 2. d4 d5 3. e5 c5 4. c3 Nc6 5. Nf3 Qb6 6. Be2 cxd4 7. cxd4 Nh6 8. Nc3
Nf5 9. Bb5 Bd7 10. Bxc6 bxc6 11. O-O c5 12. Na4 Qb5 13. b3 c4 14. Nc3 Qa5 15.
Bd2 Bb4 16. Ne2 c3 17. a3 cxd2 18. axb4 Qxb4 19. g4 Nh6 20. h3 Bb5 21. Nxd2 O-O
22. Nf3 Bxe2 23. Qxe2 Qxb3 24. Rfb1 Qc3 25. Ra6 Rfc8 26. Kg2 Kf8 27. Qb5 Ng8
28. Rba1 Rc7 29. Rxa7 Raxa7 30. Rxa7 Ne7 31. Qb8+ Rc8 32. Qd6 Re8 33. Ng5 Qxd4
34. Nxh7+ Kg8 35. Rxe7 Qe4+ 36. Kg1 Qe1+ 37. Kg2 Qe4+ 38. Kg1 Ra8 39. Rxf7 Ra1+
40. Kh2 Rh1+ 41. Kg3 Rg1+ 42. Kh4 Qxh7+ 43. Kg5 Qh6# 0-1

[Event "6679-TOP20 (2005-2006)"]
[Site "Loire"]
[Date "2005.11.27"]
[Round "3.9"]
[White "Vier, Serge"]
[Black "Petit, Didier"]
[Result "0-1"]
[WhiteElo "1670"]
[BlackElo "1957"]
[PlyCount "72"]
[EventDate "2005.??.??"]

1. d4 Nf6 2. c4 e6 3. Nf3 c5 4. d5 exd5 5. cxd5 d6 6. Nc3 a6 7. a4 h6 8. g3 Bf5
9. Bg2 Nbd7 10. O-O Be7 11. Re1 O-O 12. e4 Bh7 13. Qb3 Rb8 14. Bf4 b5 15. e5
dxe5 16. Nxe5 Nxe5 17. Bxe5 Bd6 18. axb5 Bxe5 19. Rxe5 axb5 20. Rae1 Qb6 21.
Ne4 Bxe4 22. Bxe4 c4 23. Qe3 Qd6 24. Bf3 Rfc8 25. Qa7 b4 26. Qe7 Rb6 27. Qa7
Rc7 28. Qa8+ Kh7 29. Qa1 c3 30. bxc3 bxc3 31. Qd1 Rb2 32. Qd3+ g6 33. R5e3 Rd2
34. Qb1 Qc5 35. R1e2 c2 36. Qc1 Rd1+ 0-1

[Event "6679-TOP20 (2005-2006)"]
[Site "Loire"]
[Date "2005.12.10"]
[Round "4.1"]
[White "Cizeron, Frederic"]
[Black "Cursoux, Gerard"]
[Result "0-1"]
[WhiteElo "2125"]
[BlackElo "2090"]
[PlyCount "52"]
[EventDate "2005.??.??"]

1. Nf3 c5 2. c3 d5 3. d4 e6 4. e3 Nf6 5. Nbd2 Nbd7 6. a3 Bd6 7. dxc5 Nxc5 8. b4
Ncd7 9. Bb2 O-O 10. Bd3 Qc7 11. Rc1 Qb8 12. c4 b6 13. e4 Ne5 14. Bb1 Bb7 15.
exd5 exd5 16. O-O dxc4 17. Nxe5 Bxe5 18. Bxe5 Qxe5 19. Nxc4 Qg5 20. f3 Rfd8 21.
Qe1 Ba6 22. Rf2 Rac8 23. Rfc2 Qf4 24. Ba2 Re8 25. Qd2 Qxd2 26. Nxd2 Re1+ 0-1

[Event "6679-TOP20 (2005-2006)"]
[Site "Loire"]
[Date "2005.12.10"]
[Round "4.2"]
[White "Graillon, David"]
[Black "Barnes, Pierrick"]
[Result "1/2-1/2"]
[WhiteElo "1949"]
[BlackElo "1864"]
[PlyCount "88"]
[EventDate "2005.??.??"]

1. d4 Nf6 2. Nf3 e6 3. b3 b6 4. Bb2 d5 5. e3 Be7 6. Bd3 O-O 7. Nbd2 Bb7 8. Ne5
Nbd7 9. O-O Rc8 10. f4 c5 11. c4 Ne4 12. Bxe4 dxe4 13. f5 Bg5 14. Qe2 Nxe5 15.
dxe5 Qd3 16. Qxd3 exd3 17. Rae1 Rcd8 18. g3 g6 19. f6 h5 20. Kf2 Bh6 21. Rg1
Kh7 22. Bc3 $11 g5 23. g4 Kg6 24. e4 h4 25. h3 Rd7 26. Re3 a6 27. a4 Ra8 28.
Ra1 Bf8 29. Ree1 a5 $11 30. Ke3 Rad8 31. Rad1 Bc6 32. Nf3 Bb7 33. Rd2 Bc6 34.
Red1 Bb7 35. Rxd3 Rxd3+ 36. Rxd3 Rxd3+ 37. Kxd3 Bc6 38. Be1 Bb7 39. Nd2 Bc6 40.
Nb1 Bb7 41. Nc3 Ba8 42. Nb5 Bc6 43. Bc3 Bh6 44. Nd6 Bd7 1/2-1/2